LEADER 00976nam a2200253 i 4500 001 991003399059707536 005 20020503191414.0 008 930401s1992 it ||| | ita 035 $ab10499866-39ule_inst 035 $aEXGIL120154$9ExL 040 $aBiblioteca Interfacoltà$bita 100 1 $aConte, Giuseppe$0371556 245 10$aLuna alla volta /$cGiuseppe Conte ; nota introduttiva di Gaetano Chiappini 260 $aMaglie :$bERRECI,$cc1992 300 $a76 p. ;$c17 cm. 440 2$aI mascheroni ;$v8 700 1 $aChiappini, Gaetano 907 $a.b10499866$b02-04-14$c27-06-02 912 $a991003399059707536 945 $aLE008 TS L X 70 $g1$i2008000334727$lle008$on$pE0.00$q-$rl$s- $t0$u0$v0$w0$x0$y.i1481643x$z07-08-08 945 $aLE002 Busta 124/7$g1$i2002000907769$lle002$o-$pE0.00$q-$rl$s- $t0$u0$v0$w0$x0$y.i10576563$z27-06-02 996 $aLuna alla volta$9212182 997 $aUNISALENTO 998 $ale008$ale002$b01-01-93$cm$da $e-$fita$git $h0$i2 LEADER 01702nam 2200409z- 450 001 9910346950603321 005 20210212 010 $a1000085620 035 $a(CKB)4920000000101016 035 $a(oapen)https://directory.doabooks.org/handle/20.500.12854/61453 035 $a(oapen)doab61453 035 $a(EXLCZ)994920000000101016 100 $a20202102d2018 |y 0 101 0 $ager 135 $aurmn|---annan 181 $ctxt$2rdacontent 182 $cc$2rdamedia 183 $acr$2rdacarrier 200 00$aU?ber lernende optische Inspektion am Beispiel der Schu?ttgutsortierung 210 $cKIT Scientific Publishing$d2018 215 $a1 online resource (XVI, 283 p. p.) 225 1 $aSchriftenreihe Automatische Sichtprüfung und Bildverarbeitung 311 08$a3-7315-0842-7 330 $aAutomated visual inspection is an integral part in industrial manufacturing processes, but development and setup of such systems is very costly. Machine learning significantly reduces the effort of and speeds up both tasks. This work develops several machine learning methods suitable for automated visual inspection. The methods augment each other and can be used for a wide range of products. 610 $abulk material soriting 610 $amachine learning 610 $amaschinelles Lernen 610 $aMustererkennung 610 $aoptische Inspektion 610 $aPattern recognition 610 $aSchu?ttgutsortierung 610 $avisual inspection 700 $aRichter$b Matthias$4auth$01315849 906 $aBOOK 912 $a9910346950603321 996 $aÜber lernende optische Inspektion am Beispiel der Schüttgutsortierung$93032557 997 $aUNINA